00557 a2200181 4500003000500000005001700005040000900022082001300031100002300044245006900067260004400136300001000180650002400190651002400214942001200238999001900250952010600269Nust20170207171611.0 cNust a621.3822 aOppenheim, Alan V. a Signals and Systems (E-BOOK)cAlan V. OppenhAlan V. Oppenheim aPrentice Hall Signal Processing Series  a402 p aSignals and Systems aSignals and Systems 2ddccBK c217715d217715 00102ddc40708NFICaMCSbMCSd2016-12-12l0o621.3822 OPPpMCSEB-3486r2016-12-08w2016-12-12yBK